00385nam a22001457a 450000500170000000800410001704000210005804100080007908200130008710000320010024500430013225000160017526000380019130000100022920230125121118.0230125b ||||| |||| 00| 0 eng d aIN-DiNCcIN-DiNC deng a327bSAH aSahu, Santosh Kumareauthor aGlobal Politicscby Santosh Kumar Sahu a1st rep ed. aNoida:bKalyani Publishers,c2022 a312p.